00000000nam##2200000za#4500
0019.681571
003CaOODSP
00520200330071311
007ta
008150407|2001||||xxc|||||     f|0| 0 fre|d
020 |a0-662-86071-3
040 |aCaOODSP|bfre
043 |an-cn---
0861 |aM92-229/2001F
1101 |aCanada.|bRessources naturelles Canada. |bOffice de l'efficacité énergétique.
24510|aAmélioration de l'efficacité énergétique des systèmes de chauffage
260 |aOttawa - Ontario : |bRessources naturelles Canada. |c2001.
300 |a22p. ; |c28 cm.
563 |aCouverture souple
590 |a01-48|b2001-11-30
69107|aEfficacité énergétique|2gcpds
69107|aChauffage|2gcpds
77508|tBoilers and heaters : |w(CaOODSP)9.648255